000 00758nam0a22002651 4500
001 v19\rc\1906321
005 20251118180537.4
035 _a(NLR Aleph) 004995557
090 _a6331733
_c6331733
100 _a20080404d1911 u y0rusy50 ca
101 0 _arus
102 _aRU
105 _ay z |||||
200 1 _aПатологическая гистология
_eОписание 89 препаратов
_fСост. Б.А.
210 _aКиев
_cтип. С.В. Кульженко
_d1911
215 _a29 с.
_d26
702 0 _aБ. А.
_4220
801 0 _aRU
_bNLR
_gpsbo
801 0 _aRU
_bRuMoRGB
_2psbo
801 1 _aRU
_bProSoft-M
_2rusmarc
852 _aNLR
_j20.97.8.63
899 _aRuMoRGB
_jM 86/713
899 _aБАН
942 _cBOOK
980 _aNB